The Raj Gonds of Adilabad,A Peasent Culture of the Decan (Record no. 1444389)

MARC details
000 -LEADER
fixed length control field 00614nam a2200193Ia 4500
005 - DATE AND TIME OF LATEST TRANSACTION
control field 20250923144853.0
008 - FIXED-LENGTH DATA ELEMENTS--GENERAL INFORMATION
fixed length control field 008 250917s9999 xx 000 0 eng d
037 ## - SOURCE OF ACQUISITION
Stock number Textual
040 ## - CATALOGING SOURCE
Original cataloging agency DSWL
Language of cataloging eng
Transcribing agency DSWL
041 ## - LANGUAGE CODE
Language code of text/sound track or separate title eng
Source of code eng
084 ## - COLON CLASSIFICATION NUMBER
Classification number Y17Z:1.Z25.N4, H8.1
Assigning agency DSWL
100 ## - MAIN ENTRY--PERSONAL NAME
Personal name Furer-Haimendore, C.Vone
9 (RLIN) 829265
245 #4 - TITLE STATEMENT
Title The Raj Gonds of Adilabad,A Peasent Culture of the Decan
Statement of responsibility, etc. by C.Vone Furer-Haimendore
260 ## - PUBLICATION, DISTRIBUTION, ETC.
Place of publication, distribution, etc. Londan
Name of publisher, distributor, etc. Hamilton & Company
Date of publication, distribution, etc. 1948
365 ## - TRADE PRICE
Price type code INR
Price amount 20
925 ## -
-- 20
942 ## - ADDED ENTRY ELEMENTS (KOHA)
Koha item type Textual
Classification part Y17Z:1.Z25.N4, H8.1
Holdings
Withdrawn status Lost status Damaged status Not for loan Home library Current library Date acquired Total Checkouts Full call number Barcode Date last seen Price effective from Koha item type
        Department of Social Work Library Department of Social Work Library 2025-09-23   Y17Z:1.Z25.N4, H8.1 SW0009377 2025-09-23 2025-09-23 Textual
Copyright @ Delhi University Library System